| 000 | 00718nab#a2200253#c#4500 | ||
|---|---|---|---|
| 999 |
_c53627 _d53627 |
||
| 003 | IEF | ||
| 005 | 20191205101703.0 | ||
| 008 | 950704s1976 uuu|| #####0 b| |u | ||
| 040 |
_aIEF _cES-MaIEF |
||
| 100 | 1 |
_aBustelo García del Real, Francisco _98130 |
|
| 245 |
_aLa población de Cataluña en el siglo XVIII _c Francisco Bustelo |
||
| 260 | _c1976 | ||
| 500 | _aBibliografía,conclusiones | ||
| 650 | 4 |
_aHISTORIA ECONOMICA _945401 |
|
| 650 | 4 |
_aESPAÑA _941092 |
|
| 650 | 4 |
_aCATALUÑA _933562 |
|
| 650 | 4 |
_aPOBLACION _948031 |
|
| 650 | 4 |
_aDEMOGRAFIA _941810 |
|
| 650 | 4 |
_aSIGLO XVIII _948419 |
|
| 773 | 0 |
_tHacienda pública española _w34570 _g38, p. 81-91 |
|
| 942 | _2udc | ||
| 942 | _2udc | ||